| 000 | 00559nam a2200217 a 4500 | ||
|---|---|---|---|
| 999 |
_c8758 _d8758 |
||
| 001 | 8758 | ||
| 003 | BD-JhCC | ||
| 005 | 20180303191008.0 | ||
| 008 | 180303b1966 e |||| ||a| 000 0 eng d | ||
| 035 | _a(BD-JhCC) 8758 | ||
| 040 |
_aBD-JhCC _dBD-JhCC |
||
| 041 | _aeng | ||
| 082 |
_a420.7 _bSMI 1966 |
||
| 100 | _aSmith, Logan Pearsall | ||
| 245 |
_aThe English Language / _cLogan Pearsall Smith |
||
| 260 |
_aLondon : _bOxford University Press , _c1966 |
||
| 300 |
_a138 p .: _c22 cm . |
||
| 650 | _aEnglish Language | ||
| 942 |
_2ddc _cBK |
||